[Event "MCR senioru 2014 - nad 50 let"]
[Site "Hewlett-Packard"]
[Date "2014.08.18"]
[Round "3.11"]
[White "Janousek, Ladislav"]
[Black "Vlachopulos, Georgis"]
[Result "0-1"]
[WhiteElo "1669"]
[BlackElo "1952"]
[PlyCount "88"]

1. e4 e5 2. Nf3 Nc6 3. d4 exd4 4. Nxd4 d6 5. Nc3 Nf6 6. Bc4 Ne5 7. Bb3 Be7 8.
O-O O-O 9. Bf4 c6 10. h3 Qb6 11. Be3 Qc7 12. f4 Ng6 13. Nf3 Bd7 14. Qd2 Rad8
15. Rad1 b5 16. a3 a5 17. Qd3 Be6 18. Bxe6 fxe6 19. Ng5 Qc8 20. Bb6 Rde8 21.
Bxa5 Nh5 22. Nxe6 Nhxf4 23. Nxf4 Nxf4 24. Qg3 Ng6 25. Rxf8+ Rxf8 26. Ne2 Qa6
27. Be1 b4 28. Qd3 Qb6+ 29. Qd4 Qb5 30. Ng3 bxa3 31. bxa3 d5 32. Bb4 Bf6 33.
Qc5 Qb8 34. Qe3 Re8 35. Kf2 Bh4 36. Qb3 Rxe4 37. Rd3 Qf4+ 38. Rf3 Bxg3+ 39. Kg1
Qc1+ 40. Rf1 Bh2+ 41. Kxh2 Qxf1 42. Bd6 Re8 43. Qd3 Nf4 44. Qd2 Re2 0-1

[Event "MCR senioru 2014 - nad 60 let"]
[Site "Rychnov nad Kneznou"]
[Date "2014.08.18"]
[Round "3.1"]
[White "Janda, Zdenek"]
[Black "Chmelik, Jiri"]
[Result "1/2-1/2"]
[WhiteElo "2183"]
[BlackElo "1976"]
[PlyCount "53"]
[EventDate "2014.??.??"]

1. c4 e5 2. b3 Nc6 3. Bb2 Nf6 4. d3 Bb4+ 5. Nc3 d6 6. a3 Bxc3+ 7. Bxc3 O-O 8.
g3 Bf5 9. Bg2 Qd7 10. Nf3 Rae8 11. O-O Bh3 12. e3 h6 13. b4 a6 14. Bb2 Nh7 15.
e4 Bxg2 16. Kxg2 f5 17. b5 Nd8 18. bxa6 bxa6 19. exf5 Qxf5 20. Ng1 Qc8 21. Bc3
Rf7 22. f3 Ne6 23. d4 exd4 24. Bxd4 Nxd4 25. Qxd4 Qf5 26. Ra2 Nf6 27. Rb2
1/2-1/2

[Event "MCR senioru 2014 - nad 60 let"]
[Site "Rychnov nad Kneznou"]
[Date "2014.08.18"]
[Round "3.2"]
[White "Mlynek, Petr"]
[Black "Zboril, Jaroslav"]
[Result "1-0"]
[WhiteElo "2150"]
[BlackElo "1973"]
[PlyCount "81"]
[EventDate "2014.??.??"]

1. d4 d5 2. c4 e6 3. Nf3 c6 4. Nc3 f5 5. b3 Nf6 6. g3 Bd6 7. Bg2 O-O 8. O-O Ne4
9. Qc2 Nd7 10. Bf4 Bxf4 11. gxf4 Ndf6 12. e3 Nxc3 13. Qxc3 Ne4 14. Qc2 g5 15.
fxg5 Nxg5 16. Ne5 Bd7 17. f4 Nf7 18. Bf3 Nxe5 19. dxe5 Kh8 20. Kh1 Qb6 21. c5
Qd8 22. Rg1 Rg8 23. Rxg8+ Qxg8 24. Rg1 Qf7 25. Qf2 Rg8 26. Qh4 Rxg1+ 27. Kxg1
Be8 28. Kf1 Kg8 29. Qd8 Qd7 30. Qb8 Kg7 31. Qxa7 Kh6 32. Qb8 Qe7 33. Qd6 Qf7
34. b4 Kg7 35. a4 Qd7 36. Be2 Qc8 37. Qe7+ Kg8 38. Kf2 Bf7 39. b5 Be8 40. b6
Qa8 41. a5 1-0

[Event "MCR senioru 2014 - nad 60 let"]
[Site "Rychnov nad Kneznou"]
[Date "2014.08.18"]
[Round "3.3"]
[White "Sibl, Vaclav"]
[Black "Novotny, Josef"]
[Result "0-1"]
[WhiteElo "1965"]
[BlackElo "2134"]
[PlyCount "104"]
[EventDate "2014.??.??"]

1. d4 e6 2. Bf4 d6 3. e3 Nf6 4. Nf3 Be7 5. h3 b6 6. Be2 Bb7 7. c4 Nbd7 8. Nc3
O-O 9. O-O Nh5 10. Bh2 f5 11. Nd2 Nhf6 12. Bf3 c6 13. b4 e5 14. Rb1 e4 15. Be2
Ne8 16. Qb3 Kh8 17. a4 Bg5 18. Nd1 a5 19. c5 axb4 20. cxd6 c5 21. Nc4 Bd5 22.
Qc2 Rf6 23. dxc5 bxc5 24. Ndb2 Re6 25. Rfd1 Bc6 26. Qb3 Qf6 27. Rd2 g6 28. Bd1
Ng7 29. Be2 h5 30. Bf1 Bh6 31. a5 g5 32. Ra1 f4 33. a6 Ra7 34. Na5 Ba8 35. Bc4
Re8 36. Bb5 Rf8 37. Rf1 Nf5 38. Nc6 Rxa6 39. Bxa6 Bxc6 40. Be2 Qc3 41. Qd1 fxe3
42. fxe3 Nxe3 43. Rxf8+ Bxf8 44. Qe1 Nxg2 45. Qd1 Ne3 46. Qe1 Nc2 47. Qd1 Qe3+
48. Kg2 Nd4 49. Bg1 Qc3 50. Rxd4 e3+ 51. Rd5 Qxb2 52. Bxe3 Bxd5+ 0-1

[Event "MCR senioru 2014 - nad 60 let"]
[Site "Rychnov nad Kneznou"]
[Date "2014.08.18"]
[Round "3.4"]
[White "Juricek, Stanislav"]
[Black "Dolezal, Radoslav"]
[Result "1/2-1/2"]
[WhiteElo "2131"]
[BlackElo "1956"]
[PlyCount "38"]
[EventDate "2014.??.??"]

1. e4 e5 2. Nf3 Nc6 3. Bb5 a6 4. Bxc6 dxc6 5. O-O f6 6. d4 exd4 7. Nxd4 c5 8.
Nb3 Qxd1 9. Rxd1 Bd6 10. Na5 Nh6 11. Nc4 Nf7 12. Nxd6+ cxd6 13. Bf4 Ke7 14. Nc3
Be6 15. Nd5+ Bxd5 16. Rxd5 Rac8 17. Rad1 Rc6 18. f3 b5 19. Kf2 Rb8 1/2-1/2

[Event "MCR senioru 2014 - nad 60 let"]
[Site "Rychnov nad Kneznou"]
[Date "2014.08.18"]
[Round "3.5"]
[White "Jablecnik, Gustav"]
[Black "Sobotnik, Petr"]
[Result "1/2-1/2"]
[WhiteElo "2107"]
[BlackElo "1951"]
[PlyCount "126"]
[EventDate "2014.??.??"]

1. e4 c6 2. Nc3 d5 3. Qf3 dxe4 4. Nxe4 Nf6 5. Bc4 e6 6. Nxf6+ Qxf6 7. Qxf6 gxf6
8. d4 b6 9. Nf3 Ba6 10. Bb3 c5 11. dxc5 Bxc5 12. Be3 Nd7 13. Nd4 Bxd4 14. Bxd4
Ke7 15. O-O-O Nc5 16. Bxc5+ bxc5 17. Ba4 Rad8 18. Rxd8 Rxd8 19. Rd1 Rxd1+ 20.
Kxd1 f5 21. Kd2 Kd6 22. Ke3 e5 23. g3 f6 24. c3 Bc4 25. a3 Be6 26. Bc2 c4 27.
Ke2 h6 28. Kf1 Kc5 29. Bb1 Kd6 30. Ke2 Kc5 31. Kd2 Kd6 32. Ba2 Bd5 33. Kc1 Kc5
34. Bb1 Be6 35. Bc2 Kd6 36. Bd1 Bd5 37. b4 cxb3 38. Kb2 e4 39. Bxb3 Bxb3 40.
Kxb3 Ke5 41. c4 f4 42. gxf4+ Kxf4 43. c5 Ke5 44. Kc4 a6 45. h3 f5 46. c6 Kd6
47. Kd4 Kxc6 48. Ke5 Kc5 49. Kxf5 Kd4 50. h4 h5 51. Kf4 Kd5 52. Kg5 Ke5 53.
Kxh5 Kf4 54. Kg6 Kf3 55. h5 Kxf2 56. h6 e3 57. h7 e2 58. h8=Q e1=Q 59. Qf6+ Ke2
60. Qxa6+ Kf3 61. Qb7+ Kf4 62. Qf7+ Kg3 63. Qb3+ Kf4 1/2-1/2

[Event "MCR senioru 2014 - nad 60 let"]
[Site "Rychnov nad Kneznou"]
[Date "2014.08.18"]
[Round "3.6"]
[White "Uhmann, Jan"]
[Black "Haderka, Karel"]
[Result "1/2-1/2"]
[WhiteElo "2094"]
[BlackElo "1836"]
[PlyCount "156"]
[EventDate "2014.??.??"]

1. d4 d5 2. Bg5 Nf6 3. Bxf6 exf6 4. e3 Bf5 5. Nd2 Bd6 6. c4 c6 7. Qb3 Qb6 8. c5
Qxb3 9. axb3 Bc7 10. b4 Nd7 11. b5 O-O 12. Ngf3 cxb5 13. Bxb5 a6 14. Be2 g5 15.
O-O Kg7 16. Rfc1 Nb8 17. b4 Nc6 18. b5 axb5 19. Bxb5 h5 20. Nb3 g4 21. Nh4 Be6
22. g3 Ne7 23. Bd3 f5 24. Kf1 Kf6 25. Rxa8 Rxa8 26. Ra1 Rxa1+ 27. Nxa1 Ng6 28.
Ng2 Bd7 29. Nc2 Ba5 30. Ke2 b6 31. cxb6 Bxb6 32. Nb4 Be6 33. Ba6 Ba5 34. Nd3
Bc7 35. Bb7 Bd6 36. Kd2 Kg5 37. Kc3 h4 38. Ngf4 hxg3 39. hxg3 Kf6 40. Nxd5+
Bxd5 41. Bxd5 Nf8 42. Kc4 Nh7 43. Bb7 Ng5 44. Kd5 Ke7 45. Bc8 Ne6 46. Nc5 Nc7+
47. Kc6 Ne6 48. Bxe6 fxe6 49. d5 exd5 50. Kxd5 Bc7 51. Ne6 Bb8 52. Nc5 Ba7 53.
Ke5 Bxc5 54. Kxf5 Bb6 55. Kxg4 Kf6 56. Kf4 Bc5 57. g4 Bd6+ 58. Ke4 Kg5 59. f3
Bc7 60. Kd5 Bb8 61. Ke6 Bc7 62. Kd5 Bb8 63. e4 Kf4 64. g5 Kxg5 65. e5 Bc7 66.
Ke4 Kg6 67. f4 Kf7 68. Kd5 Ba5 69. Kd6 Bb4+ 70. Kd7 Kg6 71. Ke6 Kg7 72. f5 Kf8
73. Kd7 Kf7 74. Kc6 Ba3 75. Kd5 Bb4 76. Ke4 Bc5 77. Kf4 Bb4 78. Kg5 Bd2+
1/2-1/2

[Event "MCR senioru 2014 - nad 60 let"]
[Site "Rychnov nad Kneznou"]
[Date "2014.08.18"]
[Round "3.7"]
[White "Drabek, Miloslav"]
[Black "Janecek, Frantisek"]
[Result "1-0"]
[WhiteElo "2028"]
[BlackElo "1699"]
[PlyCount "77"]
[EventDate "2014.??.??"]

1. d4 d5 2. Nf3 Nf6 3. c4 e6 4. g3 Nbd7 5. Nbd2 c6 6. Qc2 Be7 7. Bg2 O-O 8. O-O
a6 9. e4 dxe4 10. Nxe4 Nxe4 11. Qxe4 Nf6 12. Qc2 c5 13. dxc5 Bxc5 14. Bf4 Qb6
15. Rad1 Nh5 16. Ng5 g6 17. Bd2 e5 18. b4 Bd4 19. c5 Qc7 20. Bf3 Bf5 21. Qb3
Nf6 22. Be3 Rad8 23. Bxd4 exd4 24. Rfe1 h6 25. Ne4 Nxe4 26. Bxe4 Bxe4 27. Rxe4
Rfe8 28. Qd3 Rxe4 29. Qxe4 Qd7 30. Rd3 Qa4 31. Rxd4 Rxd4 32. Qxd4 Qxa2 33. Qe4
a5 34. b5 Qb2 35. Qxb7 Qc1+ 36. Kg2 Qxc5 37. Qc6 Qb4 38. b6 a4 39. b7 1-0

[Event "MCR senioru 2014 - nad 60 let"]
[Site "Rychnov nad Kneznou"]
[Date "2014.08.18"]
[Round "3.8"]
[White "Just, Pavel"]
[Black "Pilar, Miloslav"]
[Result "1/2-1/2"]
[WhiteElo "2013"]
[BlackElo "2225"]
[PlyCount "33"]
[EventDate "2014.??.??"]

1. e4 e6 2. d4 d5 3. e5 b6 4. f4 Qd7 5. Nf3 Ba6 6. Bxa6 Nxa6 7. Qe2 Nb8 8. O-O
c5 9. c3 Nc6 10. Be3 cxd4 11. Bxd4 Nh6 12. Nbd2 Be7 13. Nb3 O-O 14. Kh1 Rac8
15. a3 Nb8 16. Nfd2 Nf5 17. g4 1/2-1/2

[Event "MCR senioru 2014 - nad 60 let"]
[Site "Rychnov nad Kneznou"]
[Date "2014.08.18"]
[Round "3.9"]
[White "Innemann, Frantisek"]
[Black "Grabow, Holm Pouelsten"]
[Result "0-1"]
[WhiteElo "1906"]
[BlackElo "2150"]
[PlyCount "78"]
[EventDate "2014.??.??"]

1. e4 e6 2. d4 d5 3. exd5 exd5 4. Nf3 Nf6 5. Bg5 Be7 6. Be2 O-O 7. O-O h6 8.
Bh4 Bf5 9. Nbd2 Nbd7 10. Re1 Re8 11. Nf1 g5 12. Bg3 Ne4 13. Bd3 Bf6 14. Ne3 Be6
15. c3 Bg7 16. h3 f5 17. Be5 Nxe5 18. Nxe5 Qd6 19. Qh5 Bxe5 20. dxe5 Qf8 21.
Qg6+ Qg7 22. Qxg7+ Kxg7 23. f3 Ng3 24. Kh2 f4 25. Nc2 c5 26. Na3 a6 27. b4 cxb4
28. cxb4 Rac8 29. Rac1 Bf5 30. Bxf5 Nxf5 31. Rxc8 Rxc8 32. b5 Rc3 33. Nb1 Rc2
34. bxa6 bxa6 35. e6 Ne3 36. h4 Rxg2+ 37. Kh1 Rc2 38. hxg5 hxg5 39. a3 Kf6 0-1

[Event "MCR senioru 2014 - nad 60 let"]
[Site "Rychnov nad Kneznou"]
[Date "2014.08.18"]
[Round "3.10"]
[White "Lexa, Vaclav"]
[Black "Jerman, Richard"]
[Result "0-1"]
[WhiteElo "1900"]
[BlackElo "2090"]
[PlyCount "132"]
[EventDate "2014.??.??"]

1. d4 Nf6 2. c4 c5 3. d5 e6 4. Nc3 exd5 5. cxd5 d6 6. e4 g6 7. h3 Bg7 8. Nf3
O-O 9. Bd3 Na6 10. O-O Nc7 11. a4 b6 12. Bf4 Ba6 13. Bxa6 Nxa6 14. Re1 Nb4 15.
Na2 Nxa2 16. Rxa2 Re8 17. Qd3 Qe7 18. b3 Nd7 19. Rae2 Ne5 20. Nxe5 Bxe5 21. Qg3
f6 22. Bxe5 Qxe5 23. f4 Qd4+ 24. Kh2 Rad8 25. h4 Re7 26. h5 Kg7 27. h6+ Kf7 28.
Qf3 Rde8 29. g4 g5 30. e5 dxe5 31. Re4 Qxd5 32. fxg5 Qd2+ 33. Kg3 Qxg5 34. Rh1
Rg8 35. Rh4 Rg6 36. Re2 Qf4+ 37. Qxf4 exf4+ 38. Kf3 Rxe2 39. Kxe2 Ke6 40. Kf3
Ke5 41. Rh5+ Rg5 42. Rh1 f5 43. Re1+ Kf6 44. gxf5 Kxf5 45. Re7 Rg3+ 46. Kf2 Kg6
47. Rxa7 Rxb3 48. Rb7 c4 49. Rc7 Kxh6 50. Rxc4 Kg5 51. Rc7 h5 52. Rg7+ Kf5 53.
Rh7 Ke4 54. Re7+ Kd5 55. Rh7 h4 56. Rxh4 Ke4 57. Rh8 Rb2+ 58. Kg1 Ke3 59. Re8+
Kf3 60. Rc8 Rb1+ 61. Kh2 Rb4 62. Rc6 Ke4 63. Re6+ Kd5 64. Rf6 Kc5 65. Rf5+ Kc6
66. Rf6+ Kb7 0-1

[Event "MCR senioru - nad 60 let"]
[Site "?"]
[Date "2014.08.18"]
[Round "3.11"]
[White "Hastik, Svatopluk"]
[Black "Majerik, Vladimir"]
[Result "1-0"]
[WhiteElo "2075"]
[BlackElo "1885"]
[PlyCount "123"]
[SourceDate "2014.08.19"]

1. d4 d5 2. c4 c6 3. Nc3 Nf6 4. Bg5 dxc4 5. a4 Qa5 6. Bd2 Bg4 7. Nf3 Bxf3 8.
exf3 Qb6 9. Bc1 e6 10. Bxc4 Bd6 11. O-O O-O 12. a5 Qc7 13. g3 Nd5 14. Qb3 Nd7
15. Ne4 Be7 16. Bd2 N7f6 17. Rac1 Rfd8 18. Rfd1 Nxe4 19. fxe4 Nf6 20. Bf4 Qc8
21. f3 c5 22. Kg2 Rxd4 23. Rxd4 cxd4 24. Ba6 Qf8 25. Qxb7 g5 26. Bxg5 Rb8 27.
Qxb8 Qxb8 28. Rc8+ Qxc8 29. Bxc8 Kf8 30. Kf1 e5 31. Ke2 Ne8 32. Bh6+ Kg8 33.
Bd2 Nd6 34. Ba6 Ne8 35. Kd3 Nc7 36. Bc4 Kg7 37. a6 Na8 38. f4 f6 39. Be6 Nc7
40. Bc8 Kf7 41. Kc4 Ke8 42. Bb7 Kd7 43. b4 Ne6 44. f5 Nd8 45. Bd5 Bd6 46. b5
Bc7 47. Bh6 Bb6 48. Bg8 Ke7 49. Bd2 h5 50. Bb4+ Kd7 51. h3 Ke8 52. g4 hxg4 53.
hxg4 Nf7 54. Bh7 Kd7 55. Kd5 Nh6 56. g5 fxg5 57. f6 Bc7 58. Bg6 g4 59. Be1 d3
60. f7 Nxf7 61. Bxf7 Bb6 62. Be6+ 1-0

[Event "MCR senioru 2014 - nad 60 let"]
[Site "?"]
[Date "2014.08.18"]
[Round "3.12"]
[White "Zapletal, Milan"]
[Black "Kotva, Milan"]
[Result "0-1"]
[WhiteElo "1844"]
[BlackElo "2037"]
[Annotator "D"]
[PlyCount "80"]
[EventDate "2014.08.18"]
[SourceDate "2014.08.18"]

1. c4 c6 2. d4 d5 3. cxd5 cxd5 4. Nc3 e5 5. e4 dxe4 6. Bb5+ Bd7 7. dxe5 Bb4 8.
Bd2 Bxc3 9. Bxd7+ Qxd7 10. Bxc3 Ne7 11. Qxd7+ Nxd7 12. Ne2 Nd5 13. Rd1 Nxc3 14.
Nxc3 Nxe5 15. Nxe4 O-O 16. O-O Rac8 17. Rd5 f6 18. Rfd1 Rc2 19. R5d2 Rfc8 20.
f3 R8c7 21. Rxc2 Rxc2 22. Rd2 Rxd2 23. Nxd2 Nd3 24. b3 Kf7 25. Kf1 Ke6 26. Ke2
Nc1+ 27. Ke3 Nxa2 28. Kd4 Nb4 29. Ne4 Nc6+ 30. Kc4 Nd8 31. g3 h6 32. Nc5+ Kd6
33. Ne4+ Kc6 34. b4 b5+ 35. Kd3 Ne6 36. h4 Nc7 37. Kd4 Nd5 38. Nc5 Nxb4 39. Ne6
g5 40. Nd8+ Kb6 0-1

[Event "MCR senioru 2014 - nad 60 let"]
[Site "Hewlett-Packard"]
[Date "2014.08.18"]
[Round "3.13"]
[White "Sejkora, Vlastimil"]
[Black "Glockner, Jaromir"]
[Result "1-0"]
[WhiteElo "2241"]
[BlackElo "1848"]
[PlyCount "41"]

1. e4 Nc6 2. d3 d5 3. Nd2 e5 4. Ngf3 Nf6 5. exd5 Qxd5 6. g3 Bg4 7. Bg2 Qd7 8.
h3 Bf5 9. Qe2 O-O-O 10. Nb3 e4 11. dxe4 Nxe4 12. Be3 Bb4+ 13. Kf1 Rhe8 14. Kg1
h5 15. Kh2 h4 16. Nxh4 Bd6 17. Rad1 Rh8 18. Nxf5 Qxf5 19. Kg1 Kb8 20. Bxe4 Qxe4
21. Bxa7+ 1-0

[Event "MCR senioru 2014 - nad 60 let"]
[Site "Hewlett-Packard"]
[Date "2014.08.18"]
[Round "3.14"]
[White "Trojan, Lubos"]
[Black "Portych, Vaclav"]
[Result "1/2-1/2"]
[WhiteElo "2032"]
[BlackElo "1823"]
[PlyCount "71"]

1. d4 Nf6 2. Nf3 e6 3. Bg5 h6 4. Bh4 Be7 5. Nbd2 d5 6. e3 Nbd7 7. Bd3 c5 8. c3
c4 9. Bc2 b5 10. Ne5 Nxe5 11. dxe5 Nd7 12. Bxe7 Qxe7 13. f4 a5 14. Qg4 O-O 15.
Nf3 f5 16. Qh3 b4 17. g4 bxc3 18. bxc3 Qa3 19. Kd2 Nc5 20. Nd4 Ne4+ 21. Bxe4
dxe4 22. Rhc1 Rb8 23. gxf5 Rb2+ 24. Rc2 Rxc2+ 25. Kxc2 Bd7 26. Kd1 Ba4+ 27. Ke1
Qxc3+ 28. Kf2 Qxa1 29. f6 Qb2+ 30. Kg3 Rf7 31. Qxe6 Bd7 32. Qd5 gxf6 33. exf6
Qb1 34. Kf2 Qb2+ 35. Kg3 Qb1 36. Kf2 1/2-1/2

[Event "MCR senioru 2014 - nad 60 let"]
[Site "Hewlett-Packard"]
[Date "2014.08.18"]
[Round "3.15"]
[White "Kocour, Zdenek"]
[Black "Pavlis, Jaromir"]
[Result "1/2-1/2"]
[WhiteElo "1821"]
[BlackElo "1948"]
[PlyCount "69"]

1. c4 Nf6 2. Nc3 g6 3. g3 Bg7 4. Bg2 c6 5. e4 d6 6. Nf3 Bg4 7. h3 Bxf3 8. Bxf3
Nbd7 9. d4 O-O 10. O-O Qc7 11. Rb1 c5 12. Be3 a6 13. b3 Rad8 14. Qc2 e6 15.
Rbd1 Ne8 16. Rfe1 cxd4 17. Bxd4 Bxd4 18. Rxd4 Qc5 19. Rd2 Ne5 20. Bg2 Rc8 21.
Kh2 b5 22. f4 Nc6 23. Qd3 Nb4 24. Qe3 bxc4 25. Qxc5 Rxc5 26. Na4 c3 27. Rde2
Rc7 28. Rc1 Nf6 29. Rxc3 Rxc3 30. Nxc3 Rc8 31. Na4 Rc2 32. Rxc2 Nxc2 33. Nc3
Kf8 34. Kg1 Ke7 35. Kf2 1/2-1/2

[Event "MCR senioru 2014 - nad 60 let"]
[Site "Hewlett-Packard"]
[Date "2014.08.18"]
[Round "3.16"]
[White "Vlachopulos, Elefteris"]
[Black "Rucka, Alois"]
[Result "1/2-1/2"]
[WhiteElo "1776"]
[BlackElo "1936"]
[PlyCount "41"]

1. d4 Nf6 2. Nf3 e6 3. c4 b6 4. g3 Bb4+ 5. Bd2 Qe7 6. Nc3 Bb7 7. Bg2 O-O 8. O-O
d5 9. Ne5 Nbd7 10. f4 c5 11. cxd5 exd5 12. e3 Rac8 13. a3 Bxc3 14. Bxc3 Rfd8
15. a4 Rc7 16. g4 Ne4 17. Bxe4 dxe4 18. Qe2 Bd5 19. g5 cxd4 20. Bxd4 Rdc8 21.
Qd1 1/2-1/2

[Event "MCR senioru 2014 - nad 60 let"]
[Site "?"]
[Date "2014.08.18"]
[Round "3.17"]
[White "Koci, Ladislav"]
[Black "Istel, Oldrich"]
[Result "1-0"]
[WhiteElo "1915"]
[BlackElo "1798"]
[Annotator "D"]
[PlyCount "79"]
[SourceDate "2014.08.18"]

1. d4 Nf6 2. Nf3 d5 3. c4 e6 4. Nc3 Bb4 5. Qc2 O-O 6. e3 Nc6 7. Bd3 dxc4 8.
Bxc4 b6 9. O-O Bb7 10. Bd2 Ne7 11. Ne5 Bxc3 12. bxc3 Ne4 13. f3 Nxd2 14. Qxd2
c5 15. Rfd1 cxd4 16. cxd4 Qd6 17. Rac1 Rac8 18. Rc2 f6 19. Nd3 Bd5 20. Bxd5
Qxd5 21. Rdc1 Rxc2 22. Rxc2 Qd7 23. Nf4 Kf7 24. e4 Rd8 25. d5 exd5 26. exd5 a5
27. Ne6 Rc8 28. Rxc8 Qxc8 29. Nf4 Qc5+ 30. Kf1 Qd6 31. h4 Nf5 32. h5 g5 33.
hxg6+ hxg6 34. g4 Ne7 35. Qh2 g5 36. Qh5+ Kg8 37. Qe8+ Kh7 38. Qf7+ Kh6 39. Ne6
Nf5 40. gxf5 1-0

[Event "MCR senioru 2014 - nad 60 let"]
[Site "Pardubice"]
[Date "2014.08.18"]
[Round "3.18"]
[White "Jirasek, Jiri"]
[Black "Wiedermann, Jan"]
[Result "0-1"]
[WhiteElo "1898"]
[BlackElo "1780"]
[Annotator "D"]
[PlyCount "43"]
[EventRounds "9"]
[EventCountry "CZE"]
[SourceDate "2014.08.18"]

1. e4 c5 2. Nf3 Nc6 3. d4 cxd4 4. Nxd4 d6 5. Nc3 a6 6. Be3 Nf6 7. f3 g6 8. Qd2
Bg7 9. O-O-O Qa5 10. Kb1 Nd7 11. Nd5 Qxd2 12. Rxd2 O-O 13. Nxc6 bxc6 14. Nxe7+
Kh8 15. Nxc6 Nc5 16. Rxd6 Na4 17. Bd4 Be6 18. Bxg7+ Kxg7 19. Nd4 Bxa2+ 20. Kxa2
Rab8 21. Nb3 Rfc8 22. Rxa6 0-1

[Event "MCR senioru 2014 - nad 60 let"]
[Site "Hewlett-Packard"]
[Date "2014.08.18"]
[Round "3.19"]
[White "Tejcek, Bohumil"]
[Black "Sedlacek, Jan"]
[Result "0-1"]
[WhiteElo "1734"]
[BlackElo "1861"]
[PlyCount "108"]

1. d4 Nf6 2. Bg5 h6 3. Bh4 e6 4. e3 d5 5. Nf3 c5 6. Bxf6 Qxf6 7. Bb5+ Bd7 8.
Nc3 a6 9. Bxd7+ Nxd7 10. O-O Rc8 11. Rc1 b5 12. Qe2 Qd8 13. a3 cxd4 14. exd4
Bxa3 15. Nxb5 axb5 16. bxa3 Qa5 17. Rb1 Rb8 18. Rb3 O-O 19. Rfb1 Rfc8 20. Qd3
Rc7 21. Rxb5 Rxb5 22. Rxb5 Qc3 23. Qxc3 Rxc3 24. Rb7 Rxa3 25. Kf1 Nf8 26. Ke2
Rc3 27. Kd2 Rc8 28. h4 Ng6 29. g3 Nf8 30. Kd3 Nh7 31. Ne5 Rf8 32. Nd7 Ra8 33.
Ne5 Rf8 34. g4 Nf6 35. f3 g5 36. h5 Kg7 37. c3 Kg8 38. Rc7 Kg7 39. Ke3 Kg8 40.
c4 dxc4 41. Rxc4 Nd5+ 42. Ke4 Nf6+ 43. Kd3 Nd5 44. Nd7 Ra8 45. Ke4 Ra3 46. Rc8+
Kg7 47. Ke5 Rxf3 48. Kd6 Rf4 49. Ne5 Rxd4 50. Kc5 Rf4 51. Rd8 Re4 52. Kd6 Rf4
53. Rd7 Nb6 54. Rb7 Nc4+ 0-1

[Event "MCR senioru 2014 - nad 60 let"]
[Site "Hewlett-Packard"]
[Date "2014.08.18"]
[Round "3.20"]
[White "Klimes, Jiri"]
[Black "Palla, Stanislav"]
[Result "1/2-1/2"]
[WhiteElo "1889"]
[BlackElo "1769"]
[PlyCount "42"]

1. e4 c5 2. Nf3 e6 3. d4 cxd4 4. Nxd4 Nf6 5. Nc3 d6 6. Bg5 Be7 7. f4 h6 8. Bxf6
Bxf6 9. Qd3 a6 10. O-O-O Qc7 11. g4 O-O 12. Nde2 Rd8 13. Rg1 Nc6 14. g5 hxg5
15. fxg5 Ne5 16. Qh3 Be7 17. Nf4 g6 18. Be2 Nc4 19. Nxg6 fxg6 20. Qh6 Ne5 21.
Qh4 Bf8 1/2-1/2

[Event "MCR senioru 2014 - nad 60 let"]
[Site "Hewlett-Packard"]
[Date "2014.08.18"]
[Round "3.21"]
[White "Pokorny, Jan"]
[Black "Koutecky, Jiri"]
[Result "1-0"]
[WhiteElo "1886"]
[BlackElo "1728"]
[PlyCount "43"]

1. Nf3 d5 2. b3 Bg4 3. e3 e6 4. h3 Bh5 5. Bb2 c5 6. g4 Bg6 7. h4 h6 8. Ne5 Bh7
9. Bb5+ Ke7 10. Bd3 Bxd3 11. Nxd3 Nd7 12. Nc3 a6 13. Qf3 Qc7 14. O-O-O Ke8 15.
g5 hxg5 16. hxg5 Rxh1 17. Rxh1 Ne7 18. Nf4 b5 19. g6 Nxg6 20. Nxg6 fxg6 21. Ne2
Ne5 22. Qg3 1-0

[Event "MCR senioru 2014 - nad 60 let"]
[Site "Hewlett-Packard"]
[Date "2014.08.18"]
[Round "3.22"]
[White "Feldlabl, Vilem"]
[Black "Miciak, Emanuel"]
[Result "0-1"]
[WhiteElo "1712"]
[BlackElo "1862"]
[PlyCount "94"]

1. d4 Nf6 2. Nf3 g6 3. Bf4 Bg7 4. e3 d6 5. h3 O-O 6. Bd3 Re8 7. O-O Nh5 8. Bh2
Nd7 9. c3 e5 10. dxe5 dxe5 11. e4 Nc5 12. Bc2 Nf4 13. Qxd8 Rxd8 14. b4 Nce6 15.
Rd1 Bd7 16. a4 Be8 17. Rxd8 Rxd8 18. Kf1 a5 19. Nbd2 axb4 20. cxb4 f6 21. Bb3
Bf7 22. Rc1 c6 23. b5 cxb5 24. axb5 Nd3 25. Rc3 Nec5 26. Bxf7+ Kxf7 27. Ne1 Bf8
28. Nxd3 Rxd3 29. Rxd3 Nxd3 30. Ke2 Nb2 31. f3 Bc5 32. Bg3 Ke6 33. Be1 Kd6 34.
Nb3 b6 35. Bc3 Nc4 36. Kd3 Na5 37. Nxc5 Kxc5 38. f4 Nc4 39. g4 g5 40. fxg5 fxg5
41. Be1 Kxb5 42. h4 gxh4 43. Bxh4 Kb4 44. Be1+ Kb3 45. Bc3 b5 46. g5 b4 47. Ba1
Nb2+ 0-1

[Event "MCR senioru 2014 - nad 60 let"]
[Site "?"]
[Date "2014.08.18"]
[Round "3.23"]
[White "Tomcik, Alexander"]
[Black "Bukacek, Lubomir"]
[Result "0-1"]
[WhiteElo "1862"]
[BlackElo "1707"]
[Annotator "D"]
[PlyCount "37"]
[SourceDate "2014.08.18"]

1. d4 Nf6 2. c4 c6 3. Nc3 d5 4. Nf3 e6 5. e3 Be7 6. Bd3 O-O 7. O-O Nbd7 8. Qc2
Re8 9. Re1 Nf8 10. Bd2 b6 11. a3 Bb7 12. Ne5 c5 13. dxc5 Bxc5 14. cxd5 exd5 15.
Nf3 Rc8 16. Bf5 Rc6 17. Qa4 a6 18. b4 b5 19. Qc2 {necitelny zapis} 0-1

[Event "MCR senioru 2014 - kat. nad 60 let"]
[Site "?"]
[Date "2014.08.18"]
[Round "3.24"]
[White "Svec, Ludek"]
[Black "Milian, Milan"]
[Result "1-0"]
[WhiteElo "1693"]
[BlackElo "1861"]
[Annotator "D"]
[PlyCount "102"]
[SourceDate "2014.08.18"]

1. Nf3 c5 2. c4 Nf6 3. g3 b6 4. Bg2 Bb7 5. Nc3 e6 6. O-O Be7 7. e3 O-O 8. b3 d6
9. Bb2 a6 10. Rc1 Nbd7 11. d4 cxd4 12. exd4 d5 13. Qe2 Re8 14. Rfe1 Nf8 15. Ne5
Qd6 16. c5 Qc7 17. Na4 b5 18. Nb6 Rad8 19. Bc3 Bxc5 20. dxc5 Qxc5 21. Ba5 Qa3
22. b4 Rb8 23. Qc2 d4 24. Bxb7 Rxb7 25. Red1 Rxb6 26. Rd3 Qxc1+ 27. Qxc1 Rd6
28. Qc7 Rd5 29. f4 N8d7 30. Nxd7 Rxd7 31. Qc6 e5 32. fxe5 Rxe5 33. Qc8+ Re8 34.
Qxa6 Rde7 35. Rxd4 Re1+ 36. Kg2 R8e2+ 37. Kh3 Re6 38. Rd6 R6e5 39. Rd8+ Ne8 40.
Qa8 g6 41. Bb6 R1e2 42. g4 h5 43. Kg3 hxg4 44. Bd4 R5e4 45. Bc5 Kg7 46. Rxe8
Rxe8 47. Qc6 R8e6 48. Qxb5 Rxa2 49. Bd4+ Kh6 50. Qc4 Ra3+ 51. Kxg4 f5+ 1-0

[Event "MCR senioru 2014 - nad 60 let"]
[Site "Hewlett-Packard"]
[Date "2014.08.18"]
[Round "3.25"]
[White "Kindl, Frantisek"]
[Black "Brhlik, Antonin"]
[Result "1/2-1/2"]
[WhiteElo "1857"]
[BlackElo "1688"]
[PlyCount "133"]

1. c4 Nf6 2. Nc3 g6 3. Nf3 Bg7 4. g3 O-O 5. Bg2 d6 6. d4 c6 7. O-O Nbd7 8. d5
c5 9. e4 Qa5 10. Bd2 a6 11. a3 Qc7 12. Qe2 Rb8 13. Rfe1 Ng4 14. h3 Nge5 15.
Rab1 b5 16. cxb5 c4 17. Red1 axb5 18. Nd4 Ba6 19. Na2 Nd3 20. Nc6 Rbe8 21. Nab4
Nxb4 22. Nxb4 Bb7 23. f3 Nc5 24. Be3 Na4 25. Na2 Nc5 26. Nb4 Na4 27. Na2 Nc5
28. Rbc1 Nd3 29. Qxd3 Bxb2 30. Qc2 Bxc1 31. Rxc1 Kg7 32. Qc3+ f6 33. Nb4 Ra8
34. Nc2 Ra4 35. Ra1 Rfa8 36. Qb2 Qa5 37. Nd4 Rxa3 38. Rxa3 Qxa3 39. Qxa3 Rxa3
40. Ne6+ Kg8 41. Kf2 Ra2+ 42. Kg1 b4 43. Bf1 Ra1 44. Bd4 c3 45. Kf2 Ra2+ 46.
Ke3 c2 47. Kd2 b3 48. Kc1 Ra4 49. Bb2 Ra2 50. Nd4 Ba6 51. Bxa6 Rxa6 52. Nxb3
Ra8 53. Kxc2 Kf7 54. f4 Ra4 55. Nd2 Rc4+ 56. Kd3 Rb4 57. Kc3 Ra4 58. Kb3 Ra8
59. Kc3 Ra4 60. Kd3 Rb4 61. Kc3 Ra4 62. Kb3 Ra6 63. Bc3 Rb6+ 64. Bb4 Ra6 65.
Bc3 Rb6+ 66. Bb4 Ra6 67. Bc3 1/2-1/2